| 000 | 01331nam a2200241 i 4500 | ||
|---|---|---|---|
| 001 | 1271400 | ||
| 005 | 20221121141223.0 | ||
| 008 | 760305s1976 maua 001 0 eng | ||
| 010 | _a 75012094 | ||
| 040 |
_aDLC _cDLC _dDLC |
||
| 050 | 0 | 0 |
_aQA371 _b.D43 |
| 082 | 0 | 0 | _a515.35,DER |
| 100 | 1 |
_aDerrick, William R. _9103285 |
|
| 245 | 1 | 0 |
_aElementary differential equations with applications / _cWilliam R. Derrick, Stanley I. Grossman. |
| 260 |
_aReading, Mass. : _bAddison-Wesley Pub. Co., _cc1976. |
||
| 300 |
_ax, 537, [60] p. : _bill. ; _c24 cm. |
||
| 490 | 0 | _aAddison-Wesley series in mathematics | |
| 505 | _aIntroduciton (Page-1), First Order equations (Page-20), Linear second order differential equations (Page-72), Linear Second order differntial equations (Page-128), Power series solutions of differential equations (Page-160), Laplace Transforms (Page-214), Elementary of Differential equations (Page-256), Numerical Method (Page-338), Fourier series and boundary value problems (Page-370), Partial differential equations (Page-424), The existence of solutions (Page-470), Nonliear equations and stability (Page-492). | ||
| 650 | 0 |
_aDifferential equations. _9688 |
|
| 700 | 1 |
_aGrossman, Stanley I., _ejoint author. _9103020 |
|
| 906 |
_a7 _bcbc _corignew _d2 _eocip _f19 _gy-gencatlg |
||
| 942 |
_2ddc _cBK _k515.35,DER |
||
| 999 |
_c592456 _d592456 |
||